000 00601nam a2200229Ia 4500
003 OSt
005 20221005130356.0
006 a|||||r|||| 00| 0
007 ta
008 221004b |||||||| |||| 00| 0 eng d
024 _a45377
037 _cTextual
040 _aCRL
_cCRL
_beng
041 _2eng
_aeng
082 _aQ, F7
100 _aWoodburne Angus Stewart
_9637988
245 0 _aReligious attitude
_b A psychological study of its differentiation
260 _c1927
650 _aRELIGION
942 _hQ, F7
_cTEXL
_2cc
999 _c1056994
_d1056994